Gaming Quiz

Random Gaming Quiz

Dead Rising 3 Survivors Quiz Stats

 Plays Quiz not verified by Sporcle

Support Sporcle.
Go Orange.
Score 0/111 Timer 20:00
0 Plays Today
Description Survivor % Correct
Main protagonist of Dead Rising 3Nick Ramos
91.8%
A truck driver who stops in Los Perdidos and gets trapped thereDick Baker
84.7%
A teenager illegal girl who later reveals to be daughter Dead Rising 2 protagonistKatey 'Annie' Greene
83.5%
Owner of Wrench O'Rama in Ingleton and is talented mechanicRhonda Kreske
75.3%
Main protagonist's best friend since childhoodDiego Martinez
72.9%
Leader of illegals in Los Perdidos. Later betrays protagonistRonald 'Red' Jackson
71.8%
Main protagonist of Dead Rising 2 who was looking for hist daughter for two yearsChuck Greene
70.6%
An illegal girl who sprays sign of safety for other illegalsAnna Hong
70.6%
Works for unknown mobster and tries to find certain girlGary Finkel
68.2%
Main antagonist of Dead Rising 3. Works for President whom he later kills. He also kills woman on wheelchairGen. John Hemlock
61.2%
A drag queen who is crossdressed as Bibi LoveAdam Daley
61.2%
A pimp who required protagonist to kill tied womanBig D
61.2%
His mission was to track the PresidentAdam Kane
61.2%
Scientist who is searching Los Perdidos for main protagonist to use his blood to create pernament cure for zombificationIsabela Keyes
58.8%
Nerd whose sin is envy. He is very envious of protagonist's skillsKenny Dermot
58.8%
An attorney who asks protagonist to recover very valuable briefcase that her receptionist stoleCarrie LeCroix
57.6%
Woman who is doing some sort of ritual on cemeteryChristine Emerie
57.6%
Young man who was held hostage and tied to chair by psychotic porn maniacEric Martinez
57.6%
An illegal young woman with tatooes who was under attack by Spec OpsLauren Staples
57.6%
Woman on wheelchair who has come into an even higher possition after incident in Phenotrans FacilityMarian Mallon
56.5%
An illegal man who was under attack by Spec OpsDoug Trent
56.5%
Chef who mourns his hot dog cart. Later he can prepare Master Dog for protagonistJorge Ruiz
56.5%
Young woman who was held hostage by psychopath doctor who attempted to take her liverAlejandra Garcia
54.1%
Young woman who was held hostage and tied to chair by psychotic porn maniacJulia Slyde
54.1%
Perverted man whose sin is lust. He wants protagonist to be obidient and do what he saysDylan Fuentes
52.9%
Obese woman whose sin is gluttony. She will do anything to protect her food even if this means killing othersDarlene Fleischermacher
51.8%
Woman in a meat dress who asks protagonist to go on shopping with herLena Polichev
50.6%
A policeman who was trying to get into armory in police departmentDwayne Pike
49.4%
Woman who was held hostage by pimp who ordered to kill herKandy
48.2%
Superstitious man who believes only in what his tarot cards tell himSimon Merkin
48.2%
Man who requires protagonist to bring him five hunks of meatJose Morales
47.1%
Eldery woman with a cancer who wants to see a few sights in the city before she diesMeryl Jefferson
47.1%
Cowardly man who found blueprints but doesn't have proper weaponsRavi Uppal
47.1%
Doctor whose sin is greed. He was selling survivors organs in blackmarketAlbert Contiello
47.1%
An illegal (but non infected) young woman with hippie outfit who was under attack by Spec OpsWinnie Lee
45.9%
He was seen and killed after airplane crashedDan
45.9%
She works for General as his chief of security and was sent to clean up Los Perdidos under his ordersSgt. Hilde Schmittendorf
44.7%
Description Survivor % Correct
Young girl with cowboy hat who came to Los Perdidos for a family reunionKelsey Louise
43.5%
Woman who was held hostage by nerd who wanted to act as a heroRegina Thompson
43.5%
Man who attacks protagonist but after fight with another man he joins protagonistJesse Miller
42.4%
Monk whose sin is wrath. He wants to relax in peace and will kill anyone who disturbs himHarry 'Zhi' Wong
42.4%
She was seen and killed after airplane crashedCindy
42.4%
Biker who asks protagonist to destroy five vans as a revengeMarcus Wolfe
41.2%
Young man who was locked in a house with zombies by his stepfatherWarren Anderssen Jr.
41.2%
Man who is looking for food to feed his zombified familyJason
41.2%
Stranded survivor in Central CityJason
41.2%
Hostile survivor who locked his stepson in house with zombiesPhil
38.8%
He was trying to fix his broken down RV but was killed after his RV explodedHank
38.8%
Eldery Slavic woman who wants to kill her neighbor and take his firearmsElka
37.6%
Stranded survivor on Central Bridge in Central CityTara
37.6%
She is illegal girl and cares a lot about other illegals, but later she is killedAngel Quijano
37.6%
Leader of bikers in Los PerdidosHunter Thibodeaux
36.5%
Stranded survivor in South AlmudaJack
35.3%
Hostile survivor who took another survivor daughter's locket and attack protagonistKent DeMare
35.3%
Female bodybulidier whose sin is pride. She hates when somebody call her manJherii Gallo
35.3%
Stranded survivor in IngletonCrystal
34.1%
Crying man who sold his daughter locket to dishonest manTroy Glover
32.9%
Stranded survivor in IngletonAlex
32.9%
She was seen and killed after airplae crashedEmily
32.9%
Stranded survivor in IngletonBob
31.8%
He asks protagonist to lure three 'handsome' male zombies into certain roomJoey
31.8%
Young man who wants to kill his neighbor and take her foodMatt
31.8%
Stranded survivor in Sunset HillsAlec
30.6%
Stranded survivor in Sunset HillsAllison
30.6%
Stranded survivor who doesn't require rescue on North BridgeJeremy
30.6%
Mayor's son whose sin is sloth. He has a key to armory but is to lazy to give it to protagonistTeddy Lagerfeld Jr.
30.6%
He was seen and killed after airplane crashedDuncan
30.6%
Stranded survivor in IngletonJodie
28.2%
Stranded survivor in IngletonDana
27.1%
She was president of US but was killed on the orders of GeneralSonya Paddock
27.1%
Man who asks protagonist to race with him around streets in IngletonDerek
25.9%
Stranded survivor in Central CityDevon
25.9%
Stranded survivor in IngletonMike
25.9%
Stranded survivor in IngletonRyan
25.9%
Description Survivor % Correct
Stranded survivor in IngletonTaylor
25.9%
Stranded survivor in Sunset Hills Brandon
24.7%
Stranded survivor on Los Perdidos BridgeKatarina
24.7%
Stranded survivor in Sunset HillsLinda
24.7%
Stranded survivor in Sunset HillsMel
24.7%
Stranded survivor in Central CityCara
23.5%
Stranded survivor in South AlmudaEva
23.5%
Stranded survivor in IngletonMaia
23.5%
Stranded survivor on Los Perdidos BirdgeSam
23.5%
Stranded survivor in South AlmudaBrian
22.4%
Stranded survivor on Los Perdidos BridgeIan
22.4%
Stranded survivor in South AlmudaJasmine
22.4%
Woman who is working on some rather interesting conspiracy theoriesKyla
22.4%
Stranded survivor in South AlmudaSteven
22.4%
Stranded survivor in IngletonVicki
22.4%
Stranded survivor in Sunset HillsKaliyan
21.2%
Young man who was held hostage by psychopath doctorZach
21.2%
Stranded survivor in Central CityKevin
20%
Stranded survivor in Central CityKris
20%
Stranded survivor in IngletonMila
20%
Stranded survivor in Sunset HillsGreta
18.8%
Stranded survivor on broken Central BridgeJordan
18.8%
Young woman who was held hostage by psychopath doctorLara
18.8%
Stranded survivor in Sunset HillsMadeline
18.8%
Stranded survivor on Los Perdidos BirdgeMargaret
18.8%
Stranded survivor on South Bridge in Central CityNora
18.8%
Stranded survivor in IngletonScott
18.8%
Stranded survivor in IngletonSheldon
18.8%
Stranded survivor in South AlmudaTanya
18.8%
Stranded survivor on Los Perdidos BridgeKellen
17.6%
Stranded survivor in Central CityLiam
17.6%
Young woman who was held hostage by psychopath doctorStevie
17.6%
Stranded survivor in Sunset HillsTracey
17.6%
Stranded survivor on Central Bridge in Sunset HillsVernon
17.6%
Stranded survivor inside Central StorageNikki
15.3%
Stranded survivor on Los Perdidos BridgeKristin
14.1%
Stranded survivor on Los Perdidos BridgeKetih
7.1%

You're not logged in!

Compare scores with friends on all Sporcle quizzes.
OR
Log In

From the Vault

Decolorized Restaurant Logos

by GeoEarthling

The question is -- what color is the Red Lobster logo?
Remove Ads.
Support Sporcle.
Get the best of Sporcle when you Go Orange. This ad-free experience offers more features, more stats, and more fun while also helping to support Sporcle. Thank you for becoming a member.

Show Comments

Extras

Created Jan 10, 2016ReportNominate
Tags:Dead Rising, Survivor

Top Quizzes Today


Score Distribution

Your Account Isn't Verified!

In order to create a playlist on Sporcle, you need to verify the email address you used during registration. Go to your Sporcle Settings to finish the process.

Report this User

Report this user for behavior that violates our Community Guidelines.

Details: